Bezpečnosť mobilných zariadení

Guardado en:
Detalles Bibliográficos
Autor principal: Buocik, Martin (Autor)
Otros Autores: Kováčik, Tomáš (Orientador)
Formato: Manuscrito Libro
Lenguaje:eslovaco
Publicado: 2016
Materias:
Acceso en línea:http://is.stuba.sk/zp/portal_zp.pl?podrobnosti=131342
Etiquetas: Agregar Etiqueta
Sin Etiquetas, Sea el primero en etiquetar este registro!

MARC

LEADER 00000ntm a22000003a 4500
001 stuzp58903
003 SK-STU
005 20160719155712.1
007 ta
008 150427s2015----xo-----f-mn---000-0-slo-d
040 |a STU  |b slo 
041 0 |a slo 
100 1 |a Buocik, Martin  |u 070400  |k Z4  |4 aut  |U FIIT Fakulta informatiky a informačných technológií  |T FIIT Ústav počítačového inžinierstva a aplikovanej informatiky  |X 5795  |U I400  |Y 672  |7 A000005795 
242 0 1 |a Security of Mobile Devices  |y eng 
245 1 0 |a Bezpečnosť mobilných zariadení 
260 |c 2016 
650 4 |a Android  |2 slo 
650 4 |a bezpečnosť  |2 slo 
650 4 |a sieťová premávka  |2 slo 
650 4 |a security  |2 eng 
650 4 |a Android  |2 eng 
650 4 |a Internet traffic  |2 eng 
700 1 |a Kováčik, Tomáš  |u 070400  |k Z8  |4 ths  |U FIIT Fakulta informatiky a informačných technológií  |T FIIT Ústav počítačového inžinierstva a aplikovanej informatiky  |X 11781  |U I400  |Y 672  |7 11781 
856 4 |u http://is.stuba.sk/zp/portal_zp.pl?podrobnosti=131342 
996 |b 8178  |c I* DIP 2/2016  |l II680  |s P  |a 0  |w stuzp58903_0001 
SQL |a stuzp58903  |b DDP  |c SLO  |d Bezpečnosť mobilných zariadení  |e 5795  |f Buocik, Martin  |g 070400  |h 11781  |i Kováčik, Tomáš  |j 20160614  |k 211  |l 07  |m http://is.stuba.sk/zp/portal_zp.pl?podrobnosti=131342  |n I-SI2  |o 9.2.5. softvérové inžinierstvo